000 00473nam a2200181 i 4500
001 bg
100 1 _aRAWSON, Harold
245 0 _aProperties and applications of glass /
_cHarold Rawson.
260 _aAmsterdam :
_bElsevier,
_c1980.
490 1 _aGlass Science and Technoloy ;
_v3
650 9 _aSzkło
830 _aGlass Science and Technoloy ;
040 _cBPK
041 _apol
080 _a666.1/.2
942 _cKS
008 s pl f |000 0 pol
999 _c23806
_d23806
856 _uhttp://koha.tu.koszalin.pl/cgi-bin/koha/opac-detail.pl?biblionumber=23806
_yKatalog online BPK